WWE Royal Rumble 2008 Entrants - Statistics

General Stats
  • This quiz has been taken 39 times
  • The average score is 19 of 30
Answer Stats
Draw Brand Entrant % Correct
30 Raw John Cena
95%
29 Raw Triple H
91%
8 SmackDown Batista
86%
12 ECW CM Punk
86%
1 SmackDown The Undertaker
86%
20 SmackDown Kane
82%
2 Raw Shawn Michaels
82%
16 ECW The Miz
77%
13 Raw Cody Rhodes
68%
4 SmackDown The Great Khali
68%
27 SmackDown Finlay
64%
6 ECW John Morrison
64%
25 SmackDown Mark Henry
64%
19 Unaffiliated Roddy Piper
64%
3 Raw Santino Marella
64%
14 Raw Umaga
64%
24 ECW Big Daddy V
59%
9 SmackDown Hornswoggle
59%
18 Unaffiliated Jimmy Snuka
59%
7 ECW Tommy Dreamer
59%
26 ECW Chavo Guerrero
50%
23 Raw Mr. Kennedy
50%
5 Raw Hardcore Holly
45%
15 Raw Snitsky
45%
21 Raw Carlito
41%
28 ECW Elijah Burke
41%
11 SmackDown Jamie Noble
41%
22 Raw Mick Foley
41%
10 SmackDown Chuck Palumbo
36%
17 ECW Shelton Benjamin
32%
No matching quizzes found
Score Distribution
Percent of People with Each Score
Percentile by Number Answered
Your Score History
You have not taken this quiz